|
|
|
|
| LEADER |
00000cam a2200000 a 4500 |
| 001 |
vtls011738625 |
| 003 |
SK-MaSNL |
| 005 |
20260301095057.0 |
| 008 |
200316s2018 xo a c 000 f slo |
| 015 |
|
|
|a SNBA2018
|
| 020 |
|
|
|a 9788055630458
|q (viaz.)
|
| 035 |
|
|
|a urn:nbn:sk:snk-am00dfho
|
| 035 |
|
|
|a urn:nbn:sk:snk-am3i0i0
|
| 035 |
|
|
|a 162639A6-91A4-46C4-9D21-ACA4191485FA
|
| 040 |
|
|
|a SNK
|b slo
|c SNK
|e AACR2
|
| 041 |
1 |
|
|a slo
|h eng
|
| 044 |
|
|
|a xo
|c SK
|
| 072 |
|
7 |
|a 821.111-3
|x Anglická próza, anglicky písaná
|2 konspekt
|
| 072 |
|
7 |
|a 821-93
|x Literatúra pre deti a mládež (beletria)
|2 konspekt
|
| 080 |
|
|
|a 524.8
|2 2011
|
| 080 |
|
|
|a 821.111-93-31
|2 2011
|
| 080 |
|
|
|a (0:82-311.3)
|2 2011
|
| 080 |
|
|
|a 82-93-053.6
|2 2011
|
| 100 |
1 |
|
|a Hawking, Lucy,
|d 1970-
|4 aut
|9 151045
|
| 240 |
1 |
0 |
|a George and the Blue Moon
|l Slovensky
|
| 245 |
1 |
0 |
|a Gregor a modrý mesiac
|c Lucy & Stephen Hawkingovci ; ilustroval Garry Parsons ; [z anglického originálu ... preložila Dagmar Šajtyová]
|
| 246 |
1 |
|
|i Séria:
|a Gregorove tajné výpravy do vesmíru
|n 5
|
| 260 |
|
|
|a Bratislava
|b Slovart
|c 2018
|
| 300 |
|
|
|a 313 s.
|b ilustr.
|c 22 cm
|
| 521 |
1 |
|
|a Pre čitateľov od 9 rokov
|
| 580 |
|
|
|a Naväzuje na: Gregorove tajné výpravy do vesmíru ; Gregorova vesmírna naháňačka za pokladom ; Gregor a veľký tresk ; Gregorov nerozlúštiteľný kód
|
| 650 |
0 |
7 |
|a vesmír
|2 SNKPH
|9 1770
|
| 650 |
0 |
7 |
|a Universe
|2 SNKPHeng
|9 310664
|
| 655 |
|
7 |
|a anglické romány
|2 SNKPH
|9 70428
|
| 655 |
|
7 |
|a dobrodružné romány
|2 SNKPH
|9 70486
|
| 655 |
|
7 |
|a publikácie pre mládež
|2 SNKPH
|9 70434
|
| 655 |
|
7 |
|a English fiction
|2 SNKPHeng
|9 109944
|
| 655 |
|
7 |
|a Adventure novels
|2 SNKPHeng
|9 278333
|
| 655 |
|
7 |
|a Juvenile literature
|2 SNKPH
|9 278419
|
| 700 |
1 |
|
|a Hawking, Stephen,
|d 1942-2018
|4 aut
|9 176582
|
| 700 |
1 |
|
|a Parsons, Garry
|4 ill
|9 118405
|
| 700 |
1 |
|
|a Šajtyová, Dagmar
|4 trl
|9 305060
|
| 919 |
|
|
|a 978-80-556-3045-8
|
| 958 |
|
|
|a LX
|
| 958 |
|
|
|a DB
|
| 958 |
|
|
|a UP
|
| 968 |
|
|
|b ENG
|
| 999 |
|
|
|c 682136
|d 684066
|
| 952 |
|
|
|a SNK
|b SNK
|y PREZ
|7 0
|p 17A1321159
|o snkSC 178367
|i snk2018/4814
|8 0
|0 0
|1 0
|4 0
|d 2018-02-26
|f 1
|l 0
|r 2025-09-19 00:00:00
|w 2026-02-23
|
| 952 |
|
|
|a SNK
|b SNK
|y PREZ
|7 0
|p 17A1321160
|o snkSC 178367 D1
|i snk2018/4815
|8 0
|0 0
|1 0
|4 0
|d 2018-02-26
|l 0
|r 2026-02-23 20:00:55
|w 2026-02-23
|